UM Logo
Normal view MARC view
  • Huang, Rui.

Entry Personal Name

Number of records used in: 1

001 - CONTROL NUMBER

  • control field: 60124

003 - CONTROL NUMBER IDENTIFIER

  • control field: OSt

005 - DATE AND TIME OF LATEST TRANSACTION

  • control field: 20240904164114.0

008 - FIXED-LENGTH DATA ELEMENTS

  • fixed length control field: 240904|| aca||aabn | a|a d

040 ## - CATALOGING SOURCE

  • Original cataloging agency: OSt
  • Transcribing agency: OSt

100 ## - HEADING--PERSONAL NAME

  • Personal name: Huang, Rui.
  • Relator term: author.

670 ## - SOURCE DATA FOUND

  • Source citation: Work cat.: (OSt): Huang, Rui. author., An optimized asymmetric modulation scheme for tree-phase buck rectifier without input current distortion at the sector boundaries /, December 2022.